Statistiques concernant Quiz élimination de pays

Cliquez ici pour prendre le quiz!

Statistiques générales

  • Ce quiz a été pris 415 fois
  • Le résultat moyen est 9 sur 16

Statistiques - réponses

QuestionTuileSelect% Correct
Les quatre pays restants.BahamasNon
72%
Les quatre pays restants.MadagascarNon
72%
Les quatre pays restants.GuatemalaNon
70%
Les quatre pays restants.LibanNon
69%
Les quatre pays restants.MauritanieNon
69%
Les quatre pays restants.JamaïqueNon
67%
Les quatre pays restants.MonténégroNon
67%
Les quatre pays restants.FinlandeNon
66%
Les quatre pays restants.TunisieNon
66%
Les quatre pays restants.ÉgypteNon
63%
Les quatre pays restants.États-UnisNon
59%
Les quatre pays restants.RussieNon
59%
Les quatre pays restants.ChineOui
39%
Les quatre pays restants.LibyeOui
37%
Les quatre pays restants.PalaosOui
37%
Les quatre pays restants.PanamaOui
36%

Distribution des résultats

Percentile par nombre de réponses

% des personnes avec chaque résultat

Votre développement - résultats

Vous n’avez pas pris ce quiz